Verus Chersonesi Tauricae seu Crimeae conspectus adjacentium item regionum itineris quae ab exercitu rutheno A° MDCCXXXVI [1736] et MDCCXXXVII [1737] adversus Tattaros suscepti: Карты. Verus Chersonesi Tauricae seu Crimeae conspectus adjacentium item Regionum Itineris quae ab Exercitu Rutheno (Запись № 9987382)

Подробности
000 -МАРКЕР
контрольное поле 03452nem2a2200361 4500
001 - ИДЕНТИФИКАТОР ЗАПИСИ
контрольное поле RU\NLR\DIGIT1\30271
005 - ИДЕНТИФИКАТОР ВЕРСИИ
контрольное поле 20260410193446.0
035 ## - ДРУГИЕ СИСТЕМНЫЕ НОМЕРА
Идентификатор записи (NLR Aleph) 010117537
100 ## - ДАННЫЕ ОБЩЕЙ ОБРАБОТКИ
Данные общей обработки 20051207f1738 u y0rusy50 ca
101 0# - ЯЗЫК РЕСУРСА
Язык текста, звукозаписи и т.д. латинский
102 ## - СТРАНА ПУБЛИКАЦИИ ИЛИ ПРОИЗВОДСТВА
Страна публикации российская федерация
135 ## - ПОЛЕ КОДИРОВАННЫХ ДАННЫХ: ЭЛЕКТРОННЫЕ РЕСУРСЫ
Кодированные данные для электронного ресурса crcn 024apabr
200 1# - ЗАГЛАВИЕ И СВЕДЕНИЯ ОБ ОТВЕТСТВЕННОСТИ
Основное заглавие Verus Chersonesi Tauricae seu Crimeae conspectus adjacentium item Regionum Itineris quae ab Exercitu Rutheno
Первые сведения об ответственности Editus ex Autographis Carolia Frauendorff Centurionis in Acad. sc. Petropolit
210 ## - ПУБЛИКАЦИЯ, РАСПРОСТРАНЕНИЕ И ДР.
Место издания, распространения и т.д. [Санкт-Петербург]
Имя издателя, распространителя и т. д. [АН]
Дата издания, распространения и т.д. [1738]
215 ## - ФИЗИЧЕСКАЯ ХАРАКТЕРИСТИКА
Специфическое обозначение материала и объем 1 л.
Другие сведения о физической характеристике Грав. Раскраш. Накл. на полотно
Размеры 46х64 (52,2х69,7)
300 ## - ОБЩИЕ ПРИМЕЧАНИЯ
Текст примечания Масштаб: [прибл. 1: 900 000]
325 ## - ПРИМЕЧАНИЕ О КОПИИ
Текст примечания Копия доступна в Электрон. б-ке РНБ http://vivaldi.nlr.ru/cm000000281/view
421 #0 - ПРИЛОЖЕНИЕ
Встроенное поле 2001#$aИзъяснение двух при академии наук грыдорованных операционных карт, из которых одна имеет титул Theatrum Belli &c. или Театр войны, которую императорская Российская армия против турок и татар в 1737 году имела; а другая Verus Chersonesi Tauricae seu Crimeae, то есть Подлинное описание полуострова Крыма с лежащими около его местами, и со учиненными в 1736 и 1737 годах от Российской армии против татар маршами
Заглавие Изъяснение двух при академии наук грыдорованных операционных карт, из которых одна имеет титул Theatrum Belli &c. или Театр войны, которую императорская Российская армия против турок и татар в 1737 году имела; а другая Verus Chersonesi Tauricae seu Crimeae, то есть Подлинное описание полуострова Крыма с лежащими около его местами, и со учиненными в 1736 и 1737 годах от Российской армии против татар маршами
461 #0 - УРОВЕНЬ НАБОРА
Встроенное поле 001RU\NLR\DIGIT\30270
-- 2001#$aVerus Chersonesi Tauricae seu Crimeae conspectus adjacentium item Regionum Itineris quae ab Exercitu Rutheno A° MDCCXXXVI [1736] et MDCCXXXVII[1737] adversus Tattaros suscepti
Системный номер (АБИС) связанной записи 9973393
Место публикации [Санкт-Петербург
Дата публикации 1738]
Первые сведения об ответственности editus ex autographis Carolia Frauendorff centurionis in Acad. Sc. Petropolit.
Имя издателя, распространителя и т.д. Императорская Академия наук
Физическая характеристика 1 к
Заглавие Verus Chersonesi Tauricae seu Crimeae conspectus adjacentium item regionum itineris quae ab exercitu rutheno A° MDCCXXXVI [1736] et MDCCXXXVII [1737] adversus Tattaros suscepti: Карты
801 #2 - ИСТОЧНИК ЗАПИСИ
Страна российская федерация
Организация NLR
Дата составления 2012-02-06
Источник данных rusmarc
852 ## - МЕСТОНАХОЖДЕНИЕ И ШИФР ХРАНЕНИЯ
Идентификатор организации NLR
Шифр хранения (Call Number) К 1-Укр 2/37
856 #0 - МЕСТОНАХОЖДЕНИЕ ЭЛЕКТРОННЫХ РЕСУРОВ И ДОСТУП К НИМ
Универсальный идентификатор ресурса (Uniform Resource Identifier) http://vivaldi.nlr.ru/cm000000281/view
856 #1 - МЕСТОНАХОЖДЕНИЕ ЭЛЕКТРОННЫХ РЕСУРОВ И ДОСТУП К НИМ
Универсальный идентификатор ресурса (Uniform Resource Identifier) http://vivaldi.nlr.ru/cm000000281/cover
856 #2 - МЕСТОНАХОЖДЕНИЕ ЭЛЕКТРОННЫХ РЕСУРОВ И ДОСТУП К НИМ
Универсальный идентификатор ресурса (Uniform Resource Identifier) http://vivaldi.nlr.ru/cm000000281/text
942 ## - ДОПОЛНИТЕЛЬНЫЕ ЭЛЕМЕНТЫ ЗАПИСИ (АБИС)
Тип экземпляра АБИС Карта
980 ## - КОЛЛЕКЦИЯ
Название коллекции
980 ## - КОЛЛЕКЦИЯ
Название коллекции Национальная библиография
981 48 - КОЛЛЕКЦИЯ ЭЛЕКТРОННОЙ БИБЛИОТЕКИ
Название коллекции
981 36 - КОЛЛЕКЦИЯ ЭЛЕКТРОННОЙ БИБЛИОТЕКИ
Название коллекции Цифровой репозиторий РНБ
981 19 - КОЛЛЕКЦИЯ ЭЛЕКТРОННОЙ БИБЛИОТЕКИ
Название коллекции Картографические материалы

Нет доступных экземпляров.